00573nam a2200181 450000100060000000300090000600500170001500800410003204000380007308200240011124500840013526000450021930000220026450500120028665000440029870000260034270000230036819490BD-DhUAP20200217121447.0200217s1994 bg x p w 0 a0eng d aBD-DhAALcBD-DhAALbEngdBD-DhUAP00223a340.5492115 BAN00aBangladesh legal decision /cEdited by A.T.M. Kamrul Islam and Gour Gopal Saha. aDhaka :bBangladesh Bar Council,cc1994. avolumes ;c26 cm. aV. 14-- aLawxPsychological aspectszBangladesh. aIslam, A.T.M. Kamrul. aSaha, Gour Gopal.